| 000 | 01083nam a2200229Ia 4500 | ||
|---|---|---|---|
| 003 | Ost | ||
| 005 | 20260507074912.0 | ||
| 008 | 260507s9999||||xx |||||||||||||| ||und|| | ||
| 040 | _cfsecg | ||
| 041 | _aara | ||
| 082 | _a658.8 | ||
| 100 |
_aالخفاف، عبد المعطي _eمؤلف |
||
| 245 | 0 |
_aهندسة التسويق : _bتقنية العمل / _c عبد المعطي الخفاف |
|
| 260 |
_aعمان: _bدار دجلة, _c2007 |
||
| 300 |
_a181 صفحة؛ _bإيضاحات ؛ _c25 سم |
||
| 504 | _aببليوغرافيا: ص.171 | ||
| 520 | _aهندسة التسويق وجوهر النشاط التسويقي، الاستراتيجيات التسويقية، التطورات والتحديات المستقبلية، الخطة الاعتيادية للتسويق، الادارة الفعالة للتسويق، نظام التسويق الالكتروني، هندسة التصدير، نموذج مقترح للممارسات التسويقية | ||
| 653 | _aالادارة | ||
| 653 | _aالتسويق | ||
| 653 | _aالتصدير | ||
| 942 | _cكتاب | ||
| 999 |
_c41745 _d41745 |
||